Представление документа в формате MARC21

ПолеНазваниеЗначение
  Тип записи a
  Библиографический уровень m
001 Контрольный номер RU\infra-m\znanium\bibl\2234249
005 Дата корректировки 20260429142238.5
008 Кодируемые данные 260120s2025 RU g rus u
020 Индекс ISBN __
a ISBN 978-5-9614-5758-2
040 Источник каталогиз. __
a Служба первич. каталог. Общество с ограниченной ответственностью «ЗНАНИУМ»
041 Код языка издания __
a Код языка текста rus
044 Код страны публикации __
a Код страны публикации RU
080 Индекс УДК __
a Индекс УДК 338.46 : 339.138
084 Индекс другой классификации/Индекс ББК __
2 Источник индекса rubbk
a Индекс другой классификации/Индекс ББК 65.290-2
084 Индекс другой классификации/Индекс ББК __
2 Источник индекса okso
a Индекс другой классификации/Индекс ББК 38.03.02
100 Автор __
a Автор Беквит Г.
q Полное имя Беквит Гарри
245 Заглавие __
a Заглавие Четыре ключа к маркетингу услуг
b Продолж. заглавия Практическое пособие
250 Сведения об издании __
a Основные сведения об издании 3
260 Выходные данные __
a Место издания Москва
b Издательство ООО "Альпина Паблишер"
c Дата издания 2026
300 Физическое описание __
a Объем 252 с.
520 Аннотация __
a Аннотация Маркетинговые стратегии и приемы которые используются в разных отраслях бизнеса не являются универсальными. Маркетинг услуг заметно отличается от маркетинга товаров ведь услуга нематериальна — ее нельзя увидеть услышать или потрогать. Гарри Беквит один из ведущих специалистов в мире в области продвижения услуг на примерах из реального бизнеса показывает как на практике использовать такие маркетинговые инструменты как цена бренд «упаковка» услуги и взаимоотношения с клиентом. Книга написана живым увлекательным языком и содержит много практичных и нестандартных идей приемов и стратегий. Книга ориентирована на специалистов в области маркетинга услуг а также студентов и преподавателей экономических вузов.
521 Примеч. о цел. назн. __
a Примеч. о целев. назн. ВО - Бакалавриат
650 Тематические рубрики __
a Основная рубрика Реклама. Маркетинг. PR
x Основная подрубрика Отраслевой маркетинг
655 Указ. предметных рубрик (устаревшее) __
a Жанр/ форма (устаревшее) Практическое пособие
856 Электронный адрес документа 4_
a Имя сервера/домена znanium.ru
m Помощь ebs_support@infra-m.ru
n Местонахождение сервера НИЦ ИНФРА-М
u URL https://znanium.ru/catalog/document?id=473072
856 Электронный адрес документа 48
a Имя сервера/домена znanium.ru
d Путь /cover/2234
f Электронное имя 2234249.jpg
q Тип электронного формата image/jpeg
u URL https://znanium.ru/cover/2234/2234249.jpg
911 __
u 0030=https://znanium.ru/catalog/document?id=473072